Blahoželáme Antonovi Trónovi

Bibliographic Details
Main Author: -JS- (Author)
Format: Article
Language:Slovak
PhysicalDescription:Obr.
Subjects:

MARC

LEADER 00000nab a2200000 a 4500
001 vtls009007393
003 SK-MaSNL
005 20260303065441.0
008 140403c1976 xo |r|p|||||||000 b|slo
015 |a SNBRB2007/07  |2 snkbucl 
038 |a SNKBUCL 
040 |a SNKBUCL  |b slo  |c SNKBUCL  |e AACR2 
041 |a slo 
044 |a xo  |c SK 
080 |a 792.071.2  |2 1997 
100 0 |a -JS-  |4 aut  |9 884938 
245 1 0 |a Blahoželáme Antonovi Trónovi  |c [autor] -js- 
300 |b Obr. 
600 1 7 |a Tróna, Anton  |2 snkbucl  |9 1065518 
773 0 |t Film a divadlo  |g Roč. 20, č. 12 (1976), s. 15 
852 |a SNK  |b KIS3GCP 
958 |a BX 
999 |c 1751240  |d 1753170